Social research methods / (Record no. 25505)
[ view plain ]
| 000 -LEADER | |
|---|---|
| fixed length control field | 01008cam a22003135a 4500 |
| 001 - CONTROL NUMBER | |
| control field | 18598006 |
| 005 - DATE AND TIME OF LATEST TRANSACTION | |
| control field | 20171025144714.0 |
| 008 - FIXED-LENGTH DATA ELEMENTS--GENERAL INFORMATION | |
| fixed length control field | 150430s2016 enka frb 001 0 eng d |
| 010 ## - LIBRARY OF CONGRESS CONTROL NUMBER | |
| LC control number | 2015940141 |
| 020 ## - INTERNATIONAL STANDARD BOOK NUMBER | |
| International Standard Book Number | 9780199689453 |
| 020 ## - INTERNATIONAL STANDARD BOOK NUMBER | |
| International Standard Book Number | 0199689458 |
| 035 ## - SYSTEM CONTROL NUMBER | |
| System control number | (OCoLC)ocn933288982 |
| 040 ## - CATALOGING SOURCE | |
| Original cataloging agency | EQF |
| Language of cataloging | eng |
| Transcribing agency | EQF |
| Modifying agency | EQO |
| -- | NLGGC |
| -- | UKWOH |
| -- | OCLCQ |
| -- | CDX |
| -- | OCLCF |
| -- | LUNQA |
| -- | YDXCP |
| -- | S3O |
| -- | DLC |
| -- | EG-ScBUE |
| 082 04 - DEWEY DECIMAL CLASSIFICATION NUMBER | |
| Classification number | 300.72 |
| Item number | BRY |
| Edition number | 22 |
| 100 1# - MAIN ENTRY--PERSONAL NAME | |
| Personal name | Bryman, Alan. |
| 245 10 - TITLE STATEMENT | |
| Title | Social research methods / |
| Statement of responsibility, etc | Alan Bryman. |
| 250 ## - EDITION STATEMENT | |
| Edition statement | 5th ed. |
| 260 ## - PUBLICATION, DISTRIBUTION, ETC. (IMPRINT) | |
| Place of publication, distribution, etc | Oxford ; |
| -- | New York : |
| Name of publisher, distributor, etc | Oxford University Press, |
| Date of publication, distribution, etc | 2016. |
| 300 ## - PHYSICAL DESCRIPTION | |
| Extent | xxxv, 747 p. : |
| Other physical details | col. ill. ; |
| Dimensions | 26 cm. |
| 500 ## - GENERAL NOTE | |
| General note | The best-selling and most trusted research methods text. |
| 500 ## - GENERAL NOTE | |
| General note | Includes indexes. |
| 504 ## - BIBLIOGRAPHY, ETC. NOTE | |
| Bibliography, etc | Bibliography : p. 698-725. |
| 650 #7 - SUBJECT ADDED ENTRY--TOPICAL TERM | |
| Topical term or geographic name as entry element | Social sciences |
| General subdivision | Research. |
| Source of heading or term | BUEsh |
| 650 #7 - SUBJECT ADDED ENTRY--TOPICAL TERM | |
| Topical term or geographic name as entry element | Social sciences |
| General subdivision | Methodology. |
| Source of heading or term | BUEsh |
| 651 ## - SUBJECT ADDED ENTRY--GEOGRAPHIC NAME | |
| Source of heading or term | BUEsh |
| 653 ## - INDEX TERM--UNCONTROLLED | |
| Resource For college | Nursing |
| Arrived date list | October2017 |
| 655 ## - INDEX TERM--GENRE/FORM | |
| Form subdivision | Text book |
| -- | 33728 |
| 942 ## - ADDED ENTRY ELEMENTS (KOHA) | |
| Source of classification or shelving scheme | Dewey Decimal Classification |
| Withdrawn status | Item status | Source of classification or shelving scheme | Damaged status | Not for loan | Vendor | Home library | Current library | Shelving location | Date acquired | Source of acquisition | Cost, normal purchase price | Total Checkouts | Full call number | Barcode | Date last seen | Koha item type | Total Renewals | Date last borrowed |
|---|---|---|---|---|---|---|---|---|---|---|---|---|---|---|---|---|---|---|
| Dewey Decimal Classification | Baccah | Central Library | Central Library | First floor | 25/10/2017 | Purchase | 680.00 | 300.72 BRY | 000042229 | 15/07/2025 | NB - Book (Non borrowing) | |||||||
| Dewey Decimal Classification | Baccah | Central Library | Central Library | First floor | 25/10/2017 | Purchase | 680.00 | 300.72 BRY | 000042230 | 15/07/2025 | NB - Book (Non borrowing) | |||||||
| Dewey Decimal Classification | Baccah | Central Library | Central Library | First floor | 25/10/2017 | Purchase | 680.00 | 4 | 300.72 BRY | 000042231 | 15/07/2025 | Book - Borrowing | 3 | 25/01/2023 | ||||
| Dewey Decimal Classification | Baccah | Central Library | Central Library | First floor | 25/10/2017 | Purchase | 300.72 BRY | 000042232 | 15/07/2025 | Book - Borrowing | ||||||||
| Dewey Decimal Classification | Baccah | Central Library | Central Library | First floor | 25/10/2017 | Purchase | 2 | 300.72 BRY | 000042233 | 15/07/2025 | Book - Borrowing | 02/10/2024 |